01255nam a2200325 a 4500001001000000003000500010005001700015008004100032010001100073011001100084020001500095040000900110090001000119100003800129245012900167260003200296300002700328502008600355590004100441590004100482590004000523650002600563650003700589901000700626942001000633942000600643999001900649952013300668952012800801000110191CHAP20220329144121.0140731s2000 mx ad |rm |0|||||spa d a106653 a107625 a9685149100 cCHAP aTesis1 aDomínguez Cruz, Armando912762410aEstudio de germinación en semillas de Palma Camedor C. graminifolia. H.A Wendl. Arecaceae /cpor Armando Domínguez Cruz. aUNICACH :bEl autor,c2000. a87 P. :bil., gráfs. aTesis (Lic. en Biologia) -- Universidad de Ciencias y Artes del Estado de Chiapas aE11695DGDb10c20140801lUCH01h0834 aE11695DGDb10c20140801lUCH01h0834 aE5652GLJb05c20140731lUCH01h092014aPalma camedor.98494114aSemillasxGerminación.9103903 aBK cTESIS n0 c106653d106653 00102local4052708TESISaBCbBCcPA_TESISd2014-07-31l0oTesisp33724002413611r2019-12-31 00:00:00tc.2w2019-12-31yTESIS 00102local4053708TESISaBCbBCcPA_TESISd2014-07-31l0oTesisp33724002413652r2019-12-31 00:00:00w2019-12-31yTESIS